Faktorová analýza

Salvato in:
Dettagli Bibliografici
Autore principale: Űberla, Karl (Autore)
Natura: Libro
Lingua:slovacco
Pubblicazione: Bratislava : Alfa, 1974
Tags: Aggiungi Tag
Nessun Tag, puoi essere il primo ad aggiungerne!!

MARC

LEADER 00000nam a22000003a 4500
001 stu34033
005 20150617225657.8
008 981123s1974------------------------slo-d
040 |a STU  |b slo 
041 0 |a slo 
080 |a 519.22 
100 1 |a Űberla, Karl  |4 aut 
245 1 |a Faktorová analýza 
260 |a Bratislava :  |b Alfa,  |c 1974 
300 |a 334 s 
996 |b 284EK01993  |c E*32090  |l EE01  |s A  |a 24  |w stu34033_0001